Flugziele vom Flughafen Bremen (BRE) - Statistiken

Allgemein
  • Dieses Quiz wurde 220 mal gespielt
  • Das Durchschnittsergebnis liegt bei 18 aus 27
Antwortstatistiken
Land Airlines Flugziel % Korrekt
Deutschland Lufthansa München / MUC
99%
Deutschland Lufthansa Frankfurt / FRA
96%
Niederlande KLM Amsterdam / AMS
94%
Großbritannien Ryanair London Stansted / STN
93%
Türkei Turkish Airlines Istanbul / IST
89%
Portugal Ryanair Porto / OPO
83%
Spanien Eurowings,Ryanair, SundAir Palma de Mallorca / PMI
82%
Deutschland Eurowings Stuttgart / STR
80%
Türkei Corendon,Mavi Gök, Pegasus, SundAir, SunExpress, Tailwind Antalya / AYT
76%
Litauen Ryanair Vilnius / VNO
76%
Griechenland Aegean,SundAir Heraklion / HER
75%
Nordmazedonien Wizz Air Skopje / SKP
70%
Griechenland SundAir Rhodos / RHO
68%
Ägypten Sky Vision,SundAir Hurghada / HRG
67%
Kosovo Trade Air Pristina / PRN
67%
Libanon SundAir Beirut / BEY
65%
Spanien Ryanair Malaga / AGP
63%
Griechenland Ryanair Chania / CHQ
61%
Spanien SundAir Gran Canaria / LPA
58%
Türkei SunExpress Izmir / ADB
57%
Spanien SundAir Fuerteventura / FUE
54%
Griechenland SundAir Kos / KGS
51%
Griechenland SundAir Thessaloniki / SKG
51%
Spanien SundAir Teneriffa / TFS
48%
Spanien Ryanair Alicante / ALC
45%
Kroatien Ryanair Zadar / ZAD
42%
Tunesien SundAir Monastir / MIR
18%
Keine übereinstimmenden Quizze gefunden
Verteilung der Resultate
Anzahl Personen mit jedem Resultat
Perzentil nach korrekt beantworteten Fragen
Ihre Resultats-Entwicklung
Sie haben dieses Quiz noch nicht gespielt